000
00263nam a22001217a 4500
008
180125b xxu||||| |||| 00| 0 eng d
041
_a
eng
080
_a
7
100
_a
44
101
_a
art
245
_a
the mystic arts ninja
_c
stephen.k.h
942
_2
udc
_c
BK
999
_c
40975
_d
40975